| 000 | 00453nam a22001577a 4500 | ||
|---|---|---|---|
| 003 | SISC | ||
| 005 | 20160302135751.0 | ||
| 008 | 130902t xxu||||| |||| 00| 0 eng d | ||
| 050 |
_aPS 586.3 _b.P745 1983 |
||
| 082 |
_aHS 808.18 _bP752 1983 |
||
| 245 |
_aPoetry place anthology: _bmore than 600 poems for all occasions! |
||
| 260 |
_aNew York : _bInstructor Books, _cc1983. |
||
| 300 |
_a192 p. : _bill. ; _c28 cm. |
||
| 942 |
_2lcc _cBK |
||
| 999 |
_c10192 _d10192 |
||